000 00890nam a2200265 a 4500
001 59183
003 BD-RjUL
005 20211209080713.0
008 161221s1958 enka 000 0 eng
035 _a(BD-RjUL)59307
035 _a(OCoLC)505558
040 _aDLC
_cODaWU
_dOCoLC
_dUk
_dDLC
_beng
041 _aeng
082 _a341
_223
_bBRB 1958
100 1 _aBrierly, J. L.
_q(James Leslie),
_d1881-1955.
_9175974
245 1 4 _aThe basis of obligation in international law, and other papers /
_cSelected and edited by Hersch Lauterpacht and C.H.M. Waldock.
260 _aOxford :
_bClarendon Press,
_c1958.
300 _a387 p. :
_bill. ;
_c22 cm.
650 0 _aInternational law.
_9173305
650 0 _aObedience (Law)
_9175975
700 _a Lauterpacht , Hersch, editor
_9175976
700 _aWaldock., C.H.M., editor
_9175977
942 _2ddc
_cBK
999 _c59183
_d59183